| 000 | 01041nam a22003017a 4500 | ||
|---|---|---|---|
| 001 | 000609 | ||
| 003 | DO-SdBNP | ||
| 005 | 20180131145803.0 | ||
| 007 | 000609 | ||
| 008 | 161027b 1990 sp a ||||| |||| 00| 0 spa d | ||
| 020 | _a8427249209 | ||
| 040 |
_aBPMSU _bspa _cBPMSU |
||
| 041 | 1 | 7 |
_aspa _heng |
| 082 |
_axxxx _bxxxx |
||
| 100 | 1 | _aArthur, Robert | |
| 240 | 1 | 0 |
_aThe mystery of the monster mountain. _lEspañol. |
| 245 | 1 | 0 |
_aMisterio en la montaña del monstruo / _ctexto de Robert Arthur ; traducción de M. Giménez ; ilustraciones de R. Escolano. |
| 260 |
_aBarcelona : _bMolino, _c1987. |
||
| 300 |
_a157 p. : _bil. ; _c21 cm. |
||
| 490 | 1 |
_aAlfred Hitchcock y los tres investigadores _v20 |
|
| 500 | _aTraducción de: The mystery of the monster mountain. | ||
| 700 | 1 | 2 |
_aGiménez Sales, Miguel, _d1922- _etr. |
| 700 | 1 | 2 |
_aEscolano, R. _eil. |
| 830 | 0 |
_aAlfred Hitchcock y los tres investigadores ; _v20 |
|
| 942 |
_2ddc _cBK |
||
| 945 | _aInventariado, 2018/ YL | ||
| 956 |
_2LOPEREZ _310 _620161027 _8BPMSU _a00041 |
||
| 999 |
_c11704 _d11704 |
||